| 000 | 00676nam a22002057a 4500 | ||
|---|---|---|---|
| 003 | NUST | ||
| 005 | 20240216094938.0 | ||
| 008 | 190702b ||||| |||| 00| 0 eng d | ||
| 038 | _aMr. Zahoor | ||
| 082 | _a610.28 | ||
| 100 |
_aJabeen, Saima _916288 |
||
| 245 |
_aSynthesis, Characterization and Antimicrobial Activity of Silver Nanoparticles by Green Synthesis / _cSaima Jabeen |
||
| 260 |
_aIslamabad : _bSMME - NUST _c2017. |
||
| 300 |
_ax, 36p. : ill. ; _c30cm. |
||
| 500 | _aHardcover. | ||
| 650 |
_aBiomedical Science - MS Thesis _916111 |
||
| 700 |
_aDr. Adeeb Shehzad _916289 |
||
| 856 | _uhttp://10.250.8.41:8080/xmlui/handle/123456789/6737 | ||
| 942 |
_2ddc _cTHE |
||
| 999 |
_c525422 _d525422 |
||